[Event "Schleswig-Holstein-ch HT"]
[Site "Bad Segeberg"]
[Date "2018.03.24"]
[Round "1"]
[White "Schiller, Dirk"]
[Black "Aden, Toenjes"]
[Result "0-1"]
[WhiteElo "1736"]
[BlackElo "1466"]
[PlyCount "102"]
[EventDate "2018.03.24"]
[EventType "swiss"]
[EventRounds "9"]
[EventCountry "GER"]
[SourceTitle "EXT 2023"]
[Source "ChessBase"]
[SourceDate "2022.10.05"]
[SourceVersion "1"]
[SourceVersionDate "2022.10.05"]
[SourceQuality "1"]

1. e4 e5 2. Nc3 Nf6 3. Bc4 Bc5 4. d3 h6 5. Be3 Bb6 6. Nf3 d6 7. h3 0-0 8. Qd2 Be6 9. Bb3 Nbd7 10. Nd5 Bxd5 11. exd5 e4 12. Nh2 exd3 13. Qxd3 Bxe3 14. fxe3 Re8 15. 0-0 Nc5 16. Qd2 Nfe4 17. Qd4 Ng3 18. Rfe1 Qd7 19. Qf4 Nce4 20. c4 Re5 21. Bc2 Rae8 22. Bxe4 Nxe4 23. Nf1 Ng5 24. Ng3 Ne4 25. Rad1 Nxg3 26. Qxg3 Qa4 27. b3 Qxa2 28. Rb1 Rxe3 29. Rxe3 Qxb1+ 30. Kh2 Rxe3 31. Qxe3 Qf5 32. Qxa7 Qc8 33. Qd4 Qe8 34. Qa7 Qc8 35. Qd4 b6 36. Qe3 Qd7 37. Qd3 Qe7 38. Qf3 g6 39. g4 Kg7 40. Kg2 Qe5 41. Qd3 f5 42. gxf5 gxf5 43. Qf3 Kg6 44. Kf2 Qe4 45. Qg3+ Kf7 46. Qc3 Qe5 47. Qf3 Kg6 48. Qd3 Kg5 49. Qf3 Qf4 50. b4 h5 51. Kg2 Qxc4 0-1

[Event "Kiel op-B 27th"]
[Site "Kiel"]
[Date "2014.08.07"]
[Round "8"]
[White "Hogreve, Holger"]
[Black "Aden, Toenjes"]
[Result "1-0"]
[WhiteElo "1510"]
[BlackElo "862"]
[PlyCount "99"]
[EventDate "2014.08.02"]
[EventType "swiss"]
[EventRounds "9"]
[EventCountry "GER"]
[SourceTitle "CBM 161 Extra"]
[Source "ChessBase"]
[SourceDate "2014.08.29"]
[SourceVersion "1"]
[SourceVersionDate "2014.08.29"]
[SourceQuality "1"]

1. Nf3 d5 2. d4 Nc6 3. c3 Nf6 4. Bg5 Bg4 5. Nbd2 g6 6. Bxf6 exf6 7. h3 Be6 8. e4 dxe4 9. Nxe4 Bg7 10. Bd3 b6 11. 0-0 0-0 12. Re1 Bd5 13. Ned2 Bh6 14. c4 Be6 15. Be4 Bd7 16. b3 Rc8 17. Re2 Ne7 18. Qe1 Re8 19. Rd1 Nf5 20. Nb1 Bf4 21. Nc3 Bd6 22. Nb5 a6 23. Nxd6 Nxd6 24. Bb1 Rxe2 25. Qxe2 h5 26. Re1 Kg7 27. c5 Bb5 28. Bd3 Bxd3 29. Qxd3 bxc5 30. dxc5 Nf5 31. Rd1 Qxd3 32. Rxd3 Nh6 33. Ne1 Re8 34. Re3 Rxe3 35. fxe3 Kf8 36. Nd3 Ke7 37. Nb4 Kd7 38. Nxa6 Nf5 39. Kf2 Kc6 40. Ke2 Kb5 41. Nxc7+ Kxc5 42. Kd3 Kb4 43. Nd5+ Ka3 44. b4 Nd6 45. Kc3 f5 46. Nc7 Ka4 47. Nd5 Nb5+ 48. Kc4 Nd6+ 49. Kc5 Nb5 50. Nb6+ 1-0

[Event "Kiel op-B 27th"]
[Site "Kiel"]
[Date "2014.08.03"]
[Round "4"]
[White "Aden, Toenjes"]
[Black "Serbin, Alexander"]
[Result "0-1"]
[WhiteElo "862"]
[BlackElo "1373"]
[PlyCount "48"]
[EventDate "2014.08.02"]
[EventType "swiss"]
[EventRounds "9"]
[EventCountry "GER"]
[SourceTitle "CBM 161 Extra"]
[Source "ChessBase"]
[SourceDate "2014.08.29"]
[SourceVersion "1"]
[SourceVersionDate "2014.08.29"]
[SourceQuality "1"]

1. e4 e5 2. Nf3 Nc6 3. Bc4 Nf6 4. Ng5 d5 5. exd5 Nxd5 6. Nc3 Qxg5 7. Bxd5 Be6 8. 0-0 0-0-0 9. Bxc6 bxc6 10. Qe2 Bh3 11. Qe4 Rd6 12. d3 Qg6 13. Qxg6 Rxg6 14. Be3 Rxg2+ 15. Kh1 Bd6 16. Rg1 Rg6 17. Rxg6 hxg6 18. Bxa7 f5 19. Rg1 Bg4 20. Nd1 Bf3+ 21. Rg2 Bxd1 22. Rxg6 e4 23. dxe4 Bf3+ 24. Kg1 Rxh2 0-1

[Event "Kiel op-B 27th"]
[Site "Kiel"]
[Date "2014.08.03"]
[Round "3"]
[White "Brockmann, Werner"]
[Black "Aden, Toenjes"]
[Result "1/2-1/2"]
[WhiteElo "1415"]
[BlackElo "862"]
[PlyCount "106"]
[EventDate "2014.08.02"]
[EventType "swiss"]
[EventRounds "9"]
[EventCountry "GER"]
[SourceTitle "CBM 161 Extra"]
[Source "ChessBase"]
[SourceDate "2014.08.29"]
[SourceVersion "1"]
[SourceVersionDate "2014.08.29"]
[SourceQuality "1"]

1. d4 d5 2. c4 c6 3. g3 Nf6 4. Bg2 e6 5. Nf3 Bd6 6. Nc3 Nbd7 7. 0-0 e5 8. dxe5 Nxe5 9. cxd5 Bg4 10. dxc6 Nxc6 11. Bg5 Be7 12. Qa4 0-0 13. Bxf6 Bxf6 14. Qxg4 Qb6 15. Ne4 Be7 16. Qh5 Qxb2 17. Rab1 Qxa2 18. Nfg5 Bxg5 19. Nxg5 h6 20. Be4 f6 21. Qf3 Rad8 22. Nh3 Nd4 23. Qg4 f5 24. Bxf5 Rxf5 25. Rxb7 Rf7 26. Rxf7 Qxf7 27. Nf4 a5 28. e3 Nb3 29. Qe6 Qxe6 30. Nxe6 Ra8 31. Rb1 a4 32. Nd4 Nxd4 33. exd4 Kf7 34. Kf1 Ke6 35. Ke2 a3 36. Ra1 Kd5 37. Kd3 a2 38. f4 Ra3+ 39. Kc2 Kxd4 40. Kb2 Ra5 41. Rd1+ Ke3 42. Ka1 Kf3 43. Rd7 g5 44. fxg5 hxg5 45. Rd3+ Kg4 46. Rd7 Kh3 47. Rh7+ Kg2 48. h4 gxh4 49. gxh4 Kh3 50. h5 Kh4 51. h6 Kh5 52. Rh8 Ra7 53. h7 Kh6 1/2-1/2